00866nam a22002175i 4500001000700000003000900007005001700016008004100033080001200074100002400086245010900110260004600219300003700265490003900302650003500341700004800376830004700424852003600471999001900507952012200526177777ES-MaACL20250808030144.0110420s1930 sp f |||| | spa d a159.9351 aKatz, David.96763113aEl mundo de las sensaciones táctiles / cDavid Katz ; traducción del alemán por Manuel G. Morente. aMadrid : bRevista de Occidente, c[1930] a271, [5] p. de lám. ; c18 cm.1 aNuevos hechos, nuevas ideas ; v32 4aPercepción táctil.91462621 aGarcía Morente, Manuel,d1886-19429550021 aNuevos hechos, nuevas ideas ; v329184426 aES-MaACLjE-14982 xOlim P-209 c177777d177777 00104070aATENEOMbATENEOMcDEPO2d2011-04-20eSCl0oE-14982p1186759r2023-02-23 00:00:00w2023-02-23yMONOGRAFIA